Welcome to the Holygrace Academy Library

Please use search bar below to get started

HEALTH HYGIENE (Record no. 6763)

MARC details
000 -LEADER
fixed length control field 00543nam a22001457a 4500
020 ## - INTERNATIONAL STANDARD BOOK NUMBER
ISBN 8043-2000-01-0308
082 ## - DEWEY DECIMAL CLASSIFICATION NUMBER
Classification number 080
Item number VAS/H
100 ## - MAIN ENTRY--AUTHOR NAME
Personal name VASUDEVAN, P.S
245 ## - TITLE STATEMENT
Title HEALTH HYGIENE
260 ## - PUBLICATION, DISTRIBUTION, ETC. (IMPRINT)
Place of publication THRISSUR
Name of publisher H & C PUBLISHING HOUSE
Year of publication 2008
300 ## - PHYSICAL DESCRIPTION
Number of Pages 95
520 ## - SUMMARY, ETC.
Summary, etc Good personal hygiene is one of the most effective ways to protect ourselves and others from many illnesses, such as gastroenteritis. Wash your hands regularly, especially before preparing or eating food and after going to the toilet.
650 ## - SUBJECT ADDED ENTRY--TOPICAL TERM
Topical Term HEALTH
942 ## - ADDED ENTRY ELEMENTS (KOHA)
Koha item type Books
Holdings
Withdrawn status Lost status Collection code Home library Current library Shelving location Date acquired Source of acquisition Cost, normal purchase price Full call number Accession Number Koha item type
    G.K Main Library Main Library SHELF-17E-SCIENCE RELATED BOOKS 07/05/2014 Purchase 20.00 080 VAS/H 02530 Books